An introduction to wavelets through linear algebra

Αποθηκεύτηκε σε:
Λεπτομέρειες βιβλιογραφικής εγγραφής
Κύριος συγγραφέας: Frazier, Michael 1956-
Μορφή: Βιβλίο
Γλώσσα:English
Δημοσίευση: New York : Springer, c1999
Σειρά:Undergraduate texts in mathematics
Θέματα:
Ετικέτες: Προσθήκη ετικέτας
Δεν υπάρχουν, Καταχωρήστε ετικέτα πρώτοι!

MARC

LEADER 00000nam a2200000 i 4500
001 1/91775
008 991103s1999 eng d
020 |a 0-387-98639-1 
035 |l 10053755 
040 |a GR-MY-UA  |b gre  |e aacr 
041 0 |a eng 
082 0 |a 515.2433 
100 1 |a Frazier, Michael  |d 1956- 
245 1 3 |a An introduction to wavelets through linear algebra /  |c Michael W. Frazier 
260 |a New York :   |b Springer,   |c c1999 
300 |a xvi, 501 p.;  |c 25 cm. 
490 1 |a Undergraduate texts in mathematics 
500 |a Includes bibliographical references and index 
650 0 0 |a Wavelets (Mathematics) 
650 0 0 |a Algebras, Linear. 
830 0 |a Undergraduate texts in mathematics 
852 |a INST  |b SAMOS  |e 19991103  |h 515.2433 FRA  |p 005300017073  |q 005300017073  |t BK  |y 0 
852 |a INST  |b SAMOS  |e 20010118  |h 515.2433 FRA  |p 005300022374  |q 005300022374  |t BK  |y 0 
901 |a BIBL3-2001-1 
901 |a BIBL3-1999-3 
909 |a Σ  |b 081556 
909 |a Σ  |b 067278 
922 |a 3ΕΛΗ  |b 200006  |c ΕΠΕΑΕΚ/ΜΑΘ  |d ΚΩΣΤΑΡΑΚΗΣ 
922 |a 3ΕΛΗ  |b 199909  |c ΕΠΕΑΕΚ/ΜΑΘ  |d ΠΑΠΑΣΩΤΗΡΙΟΥ 
970 |a ΚΟΣΙΕΡΗΣ  |b ΧΡΗΣΤΟΣ  |z 2001/01/18 
970 |a ΓΕΝΟΥΖΟΥ  |b ΧΡΥΣΑΝΘΗ  |z 1999/11/03